Christian apologetics / (Record no. 966)

MARC details
000 -LEADER
fixed length control field 00899cam a2200325 i 4500
001 - CONTROL NUMBER
control field 498970
003 - CONTROL NUMBER IDENTIFIER
control field GBCCL
005 - DATE AND TIME OF LATEST TRANSACTION
control field 20241126110350.0
008 - FIXED-LENGTH DATA ELEMENTS--GENERAL INFORMATION
fixed length control field 801219s1976 miu 00110 eng d
010 ## -
-- 76024706
020 ## - INTERNATIONAL STANDARD BOOK NUMBER
International Standard Book Number 9788173621550
035 ## - SYSTEM CONTROL NUMBER
System control number (OCoLC)ocn686864890
035 ## - SYSTEM CONTROL NUMBER
System control number (CStRLIN)CTYT2748255-B
035 ## - SYSTEM CONTROL NUMBER
System control number 498970
040 ## - CATALOGING SOURCE
Original cataloging agency OCedC
Transcribing agency OCedC
Modifying agency CtY-D
050 0# -
-- BT1102
-- .G43
082 ## - DEWEY DECIMAL CLASSIFICATION NUMBER
Classification number 239
Item number GEI
090 ## - LOCALLY ASSIGNED LC-TYPE CALL NUMBER (OCLC); LOCAL CALL NUMBER (RLIN)
Classification number (OCLC) (R) ; Classification number, CALL (RLIN) (NR) BT1102
Local cutter number (OCLC) ; Book number/undivided call number, CALL (RLIN) .G43
100 1# - MAIN ENTRY--PERSONAL NAME
Personal name Geisler, Norman L.
9 (RLIN) 88
245 10 - TITLE STATEMENT
Title Christian apologetics /
Statement of responsibility, etc. Norman Geisler.
260 0# - PUBLICATION, DISTRIBUTION, ETC.
Place of publication, distribution, etc. Grand Rapids :
Name of publisher, distributor, etc. Baker Book House,
Date of publication, distribution, etc. c1976.
260 0# - PUBLICATION, DISTRIBUTION, ETC.
Place of publication, distribution, etc. Secunderabad :
Name of publisher, distributor, etc. Authentic,
Date of publication, distribution, etc. 2009.
300 ## - PHYSICAL DESCRIPTION
Extent 393 p. ;
Dimensions 24 cm.
500 ## - GENERAL NOTE
General note Includes index.
504 ## - BIBLIOGRAPHY, ETC. NOTE
Bibliography, etc. note Bibliography: p. 379-390.
650 #0 - SUBJECT ADDED ENTRY--TOPICAL TERM
Topical term or geographic name entry element Apologetics.
9 (RLIN) 85
650 #0 - SUBJECT ADDED ENTRY--TOPICAL TERM
Topical term or geographic name entry element Apologetics
General subdivision History
Chronological subdivision 20th century.
9 (RLIN) 1594
942 ## - ADDED ENTRY ELEMENTS (KOHA)
Source of classification or shelving scheme Dewey Decimal Classification
Koha item type Books
Koha issues (borrowed), all copies 166
948 ## - LOCAL PROCESSING INFORMATION (OCLC); SERIES PART DESIGNATOR (RLIN)
Series part designator, SPT (RLIN) OCLC
Holdings
Withdrawn status Lost status Source of classification or shelving scheme Damaged status Not for loan Home library Current Library Shelving location Date acquired Total checkouts Full call number Barcode Date last seen Date last checked out Copy number Price effective from Koha item type Total renewals
    Dewey Decimal Classification     GRACE BIBLE COLLEGE GRACE BIBLE COLLEGE Theology 2017-03-31 15 239 GEI 006131 2025-05-01 2024-07-09 c.1 2017-03-31 Books  
    Dewey Decimal Classification     GRACE BIBLE COLLEGE GRACE BIBLE COLLEGE Theology 2017-03-31 30 239 GEI 010398 2025-09-02 2025-08-28 c.2 2017-03-31 Books 5
    Dewey Decimal Classification     GRACE BIBLE COLLEGE GRACE BIBLE COLLEGE Theology 2017-03-31 18 239 GEI 010399 2025-05-01 2024-07-12 c.3 2017-03-31 Books 6
    Dewey Decimal Classification     GRACE BIBLE COLLEGE GRACE BIBLE COLLEGE Theology 2017-03-31 28 239 GEI 010400 2025-05-01 2024-07-31 c.4 2017-03-31 Books 4
    Dewey Decimal Classification     GRACE BIBLE COLLEGE GRACE BIBLE COLLEGE Theology 2017-03-31 33 239 GEI 010401 2025-05-01 2024-07-09 c.5 2017-03-31 Books 4
    Dewey Decimal Classification     GRACE BIBLE COLLEGE GRACE BIBLE COLLEGE Theology 2017-03-31   239 GEI 010402 2017-03-31   c.6 2017-03-31 Books  
    Dewey Decimal Classification     GRACE BIBLE COLLEGE GRACE BIBLE COLLEGE Theology 2017-03-31 32 239 GEI 010403 2025-08-04 2025-07-31 c.7 2017-03-31 Books 4
    Dewey Decimal Classification     GRACE BIBLE COLLEGE GRACE BIBLE COLLEGE Theology 2017-03-31 29 239 GEI 010404 2025-07-08 2025-07-01 c.8 2017-03-31 Books 2
    Dewey Decimal Classification     GRACE BIBLE COLLEGE GRACE BIBLE COLLEGE Theology 2017-03-31   239 GEI 010405 2017-03-31   c.9 2017-03-31 Books  
    Dewey Decimal Classification     GRACE BIBLE COLLEGE GRACE BIBLE COLLEGE Theology 2021-02-01 10 239 GEI 013874 2025-07-25 2025-07-23 c.10 2021-02-01 Books  
    Dewey Decimal Classification     GRACE BIBLE COLLEGE GRACE BIBLE COLLEGE Theology 2021-02-01 12 239 GEI 013875 2025-07-24 2025-07-16 c.11 2021-02-01 Books 1
    Dewey Decimal Classification     GRACE BIBLE COLLEGE GRACE BIBLE COLLEGE Theology 2022-04-14 7 239 GEI 005691 2025-07-23 2025-07-17 c.12 2022-04-14 Books  
    Dewey Decimal Classification     GRACE BIBLE COLLEGE GRACE BIBLE COLLEGE Theology 2023-01-16 7 239 GEI 020352 2025-08-29 2025-08-22 c.13 2023-01-16 Books  
    Dewey Decimal Classification     GRACE BIBLE COLLEGE GRACE BIBLE COLLEGE Theology 2025-11-18   239 GEI 017206 2025-11-18   c.14 2025-11-18 Books  
© Grace Bible College Library 2025